Deniz kabuğundan evler (Kayıt no. 1021)

MARC ayrıntıları
000 -BAŞLIK
Sabit Uzunlukta Kontrol Alanı 01028na a2200301 4500
001 - KONTROL NUMARASI
Denetim Alanı 23059
003 - KONTROL NUMARASI IDENTIFIER
Denetim Alanı MIRAKIL
005 - SON İŞLEM TARİHİ VE ZAMANI
Denetim Alanı 20181213154809.0
008 - SABİT-BOY VERİ ELEMANLARI - GENEL BİLGİLER
Sabit Uzunlukta Kontrol Alanı 170531b tu 000 0
020 ## - ULUSLARARASI STANDART KİTAP NUMARASI
Uluslararası Standart Kitap Numarası 9786053329770
040 ## - KATALOGLAMA KAYNAK
Orijinal Kataloglama Ajansı Milas
Kataloglama Dili tur
Metne Dönüştürmek Ajansı TR-AnCHP
041 ## - DİL KODU
Metin / Ses Parça Veya Ayrı Başlığın Dil Kodu tur
082 ## - DEWEY ONLU SINIFLANDIRMA NUMARASI
Sınıflandırma Numarası 363.3495
Ürün Numarası A72d 2017
090 ## - SINIFLAMA NUMARASI
Sınıflama Numarası 363.3495 A72d 2017
100 ## - ANA GİRİŞ - KİŞİSEL İSİM
Kişisel Ad Atalay, Nurhan
245 ## - BAŞLIK TABLOSU
Başlık Deniz kabuğundan evler
Başlığın Kalan 17 ağustos 1999
-- İstatistiğe dönüşen hayatlar
Sorumluluk Tablosu, Vb Nurhan Atalay
246 ## - UNVAN FORM VARYING
Başlık Doğru / Kısa Başlığı İstatistiğe dönüşen hayatlar
246 ## - UNVAN FORM VARYING
Başlık Doğru / Kısa Başlığı 17 ağustos 1999
260 ## - YAYIN, DAĞITIM, VB
Yayın, Dağıtım, Vb Yeri İstanbul
Yayıncı, Dağıtıcı, Vs Adı Türkiye İş Bankası Kültür Yayınları
Yayın, Dağıtım, Vb Tarihi 2017
Üretici Firma sena ofset
300 ## - FİZİKSEL TANIM
Kapsam 194 s.
Diğer Fiziksel Ayrıntıları fotğ.
Boyutlar 19 sm.
440 ## - SERİSİ TABLOSU / KATMA GİRİŞİ - BAŞLIK
Başlık Türkiye İş Bankası Kültür Yayınları
Hacim / Ardışık Tanımı 3751
650 ## - KONU KATMA GİRİŞ - TOPİKAL DÖNEM
Topikal Süreli Veya Coğrafi Ad Giriş Elemanı İzmit depremi
Genel Alt Bölümü 17 Ağustos 1999
650 ## - KONU KATMA GİRİŞ - TOPİKAL DÖNEM
Topikal Süreli Veya Coğrafi Ad Giriş Elemanı Marmara depremi
Genel Alt Bölümü 17 Ağustos 1999
Kronolojik Alt Bölümü Yaşamöyküsü
650 ## - KONU KATMA GİRİŞ - TOPİKAL DÖNEM
Topikal Süreli Veya Coğrafi Ad Giriş Elemanı Doğal Afetler
Genel Alt Bölümü Deprem
Kronolojik Alt Bölümü Marmara Bölgesi
740 ## - KATMA GİRİŞ - KONTROLSUZ İLGİLİ / ANALİTİK BAŞLIK
Kontrol Edilmeyen / İlgili Analitik Başlıktaki İstatistiğe dönüşen hayatlar
740 ## - KATMA GİRİŞ - KONTROLSUZ İLGİLİ / ANALİTİK BAŞLIK
Kontrol Edilmeyen / İlgili Analitik Başlıktaki 17 ağustos 1999
942 ## - EKLENDİ GİRİŞ ELEMANLARI (KOHA)
Sınıflandırma Veya Raf Düzeni Kaynak Dewey Decimal Classification
Koha Öğesi Türü Kitaplar
999 ## - SİSTEM KONTROL NUMARALARI (KOHA)
Koha Biblionumber 1021
Koha Biblioitemnumber 1021
Mevcut
Kalıcı Konum Mevcut Konum Edinme Tarihi Edinim Kaynak Toplam Check-Out'Lar Tam Çağrı Numarası Barkod Tarih Son Görülme İtibaren Geçerli Fiyatlar Koha Öğesi Türü
CHP Kütüphanesi CHP Kütüphanesi 05/30/2017 Bağış   363.3495 A72d 2017 017026 05/30/2017 05/30/2017 Kitaplar